000 00530nam a2200229Ia 4500
003 OSt
005 20220916111031.0
006 a|||||r|||| 00| 0
007 ta
008 220915b |||||||| |||| 00| 0 eng d
024 _a124156
037 _cTextbook
040 _beng
_aARTS
_cARTS
041 _aeng
082 _aV671:4wM41, G2
100 _aZetland M
245 0 _aLord Cromer
260 _c1932
650 _aHISTORY
942 _hV671:4wM41, G2
_cTB
_2CC
999 _c104032
_d104032